000 00505nam a22001937a 4500
005 20230921124930.0
008 230919b |||||||| |||| 00| 0 eng d
020 _a9781563273188
082 _a651.3
_bFAB-O
100 _aFabrizio,Tom
245 _a5S for the Office :
_bOrganizing the Workplace to Eliminate Waste
250 _a4th.ed
260 _aUSA
_bProductivity Press
_c2006
300 _a188
500 _aInclude Index
650 _aManagement
700 _aThomas A.Fabrizio
999 _c33651
_d33651